<?xml version="1.0" encoding="UTF-8"?>
<record
    xmlns:xsi="http://www.w3.org/2001/XMLSchema-instance"
    xsi:schemaLocation="http://www.loc.gov/MARC21/slim http://www.loc.gov/standards/marcxml/schema/MARC21slim.xsd"
    xmlns="http://www.loc.gov/MARC21/slim">

  <leader>01572nam a22003137a 4500</leader>
  <controlfield tag="001">8644</controlfield>
  <controlfield tag="003">FISKH</controlfield>
  <controlfield tag="005">20251007141814.0</controlfield>
  <controlfield tag="008">251007b        cb ||||| |||| 00| 0 eng d</controlfield>
  <datafield tag="020" ind1=" " ind2=" ">
    <subfield code="a">9789996301049</subfield>
  </datafield>
  <datafield tag="040" ind1=" " ind2=" ">
    <subfield code="a">FISKH</subfield>
    <subfield code="b">khr</subfield>
    <subfield code="c">FISKH</subfield>
    <subfield code="d">FISKH</subfield>
  </datafield>
  <datafield tag="050" ind1=" " ind2=" ">
    <subfield code="a">PZ7</subfield>
  </datafield>
  <datafield tag="082" ind1=" " ind2=" ">
    <subfield code="a">895.966</subfield>
  </datafield>
  <datafield tag="100" ind1=" " ind2=" ">
    <subfield code="a">Sotheary, Kimsun </subfield>
  </datafield>
  <datafield tag="245" ind1=" " ind2=" ">
    <subfield code="a">&#x1780;&#x17D2;&#x179A;&#x17BB;&#x1784;&#x179F;&#x17BB;&#x1797;&#x1798;&#x17B7;&#x178F;&#x17D2;&#x179A; :</subfield>
    <subfield code="b">Krong Sopheakmit / </subfield>
    <subfield code="c">&#x17A2;&#x17D2;&#x1793;&#x1780;&#x179F;&#x17D2;&#x179A;&#x17B8; &#x1782;&#x17B9;&#x1798;&#x179F;&#x17CA;&#x17BB;&#x1793; &#x179F;&#x17BB;&#x1792;&#x17B6;&#x179A;&#x17B8; </subfield>
  </datafield>
  <datafield tag="260" ind1=" " ind2=" ">
    <subfield code="a">Phnom Penh :</subfield>
    <subfield code="b">Reading Books , </subfield>
    <subfield code="c">2009.</subfield>
  </datafield>
  <datafield tag="300" ind1=" " ind2=" ">
    <subfield code="a">24 pages : </subfield>
    <subfield code="b">color illustrations ;</subfield>
    <subfield code="c">25 cm. </subfield>
  </datafield>
  <datafield tag="490" ind1=" " ind2=" ">
    <subfield code="a">&#x1796;&#x17B7;&#x1797;&#x1796;&#x179A;&#x17BF;&#x1784;&#x1793;&#x17B7;&#x1791;&#x17B6;&#x1793;</subfield>
  </datafield>
  <datafield tag="505" ind1=" " ind2=" ">
    <subfield code="a">K 
</subfield>
  </datafield>
  <datafield tag="520" ind1=" " ind2=" ">
    <subfield code="a">&#x1796;&#x17D2;&#x179A;&#x17C7;&#x1780;&#x17D2;&#x179A;&#x17BB;&#x1784;&#x179F;&#x17BB;&#x1794;&#x17D2;&#x179A;&#x1798;&#x17B7;&#x178F;&#x17D2;&#x179A;&#x17B6; &#x178A;&#x17C2;&#x179B;&#x1794;&#x17B6;&#x1793;&#x1794;&#x17C4;&#x17C7;&#x1794;&#x1784;&#x17CB;&#x179F;&#x17B7;&#x179A;&#x17B8;&#x179A;&#x178A;&#x17D2;&#x178B;&#x179A;&#x1794;&#x179F;&#x17CB;&#x1781;&#x17D2;&#x179B;&#x17BD;&#x1793;&#x17B2;&#x17D2;&#x1799;&#x1794;&#x1784;&#x1794;&#x17D2;&#x179A;&#x17BB;&#x179F;&#xE42;&#xE25;&#x1797;&#x179B;&#x1793;&#x17CB; &#x178A;&#x17BE;&#x1798;&#x17D2;&#x1794;&#x17B8;&#x1787;&#x17C0;&#x179F;&#x179C;&#x17B6;&#x1784;&#x179F;&#x1784;&#x17D2;&#x1782;&#x17D2;&#x179A;&#x17B6;&#x1798; &#x17A0;&#x17BE;&#x1799;&#x1780;&#x17D2;&#x179A;&#x17C4;&#x1799;&#x1798;&#x1780; &#x1791;&#x17D2;&#x179A;&#x1784;&#x17CB;&#x1794;&#x17B6;&#x1793;&#x17A1;&#x17BE;&#x1784;&#x1787;&#x17B6;&#x1796;&#x17D2;&#x179A;&#x17C7;&#x1798;&#x17A0;&#x17B6;&#x1780;&#x17D2;&#x179F;&#x178F;&#x17D2;&#x179A;&#x17A1;&#x17BE;&#x1784;&#x179C;&#x17B7;&#x1789;&#x1793;&#x17C5;&#x1793;&#x1782;&#x179A;&#x178F;&#x1780;&#x179F;&#x17B7;&#x179B;&#x17B6;&#x17D4;</subfield>
  </datafield>
  <datafield tag="520" ind1=" " ind2=" ">
    <subfield code="a">Krung Subrhamitra who gave up his throne to his greedy brother to avoid war and later on, he became a king again at Takaksila kingdom.</subfield>
  </datafield>
  <datafield tag="521" ind1="8" ind2=" ">
    <subfield code="a">510 
</subfield>
    <subfield code="b">Lexile estimate 
</subfield>
  </datafield>
  <datafield tag="521" ind1="8" ind2=" ">
    <subfield code="a">K 
</subfield>
    <subfield code="b">Raz-Plus 
</subfield>
  </datafield>
  <datafield tag="650" ind1=" " ind2=" ">
    <subfield code="a">&#x1780;&#x17D2;&#x179A;&#x17BB;&#x1784;&#x179F;&#x17BB;&#x1797;&#x1798;&#x17B7;&#x178F;&#x17D2;&#x179A; </subfield>
    <subfield code="v">&#x17A2;&#x1780;&#x17D2;&#x179F;&#x179A;&#x179F;&#x17B7;&#x179B;&#x17D2;&#x1794;&#x17CF;&#x1781;&#x17D2;&#x1798;&#x17C2;&#x179A; </subfield>
  </datafield>
  <datafield tag="650" ind1=" " ind2=" ">
    <subfield code="a">Krong Sopheakmit</subfield>
    <subfield code="v">Khmer Literature </subfield>
  </datafield>
  <datafield tag="700" ind1=" " ind2=" ">
    <subfield code="a">San , Thai</subfield>
    <subfield code="e">Illustrator </subfield>
  </datafield>
  <datafield tag="942" ind1=" " ind2=" ">
    <subfield code="2">ddc</subfield>
    <subfield code="c">KHB</subfield>
    <subfield code="n">0</subfield>
  </datafield>
  <datafield tag="999" ind1=" " ind2=" ">
    <subfield code="c">8644</subfield>
    <subfield code="d">8644</subfield>
  </datafield>
  <datafield tag="952" ind1=" " ind2=" ">
    <subfield code="0">0</subfield>
    <subfield code="1">0</subfield>
    <subfield code="2">ddc</subfield>
    <subfield code="4">0</subfield>
    <subfield code="7">0</subfield>
    <subfield code="8">Khmer-English Bilingual </subfield>
    <subfield code="a">002</subfield>
    <subfield code="b">002</subfield>
    <subfield code="c">TTP Khmer</subfield>
    <subfield code="d">2025-10-07</subfield>
    <subfield code="l">0</subfield>
    <subfield code="o">SOT PZ7 895.966</subfield>
    <subfield code="p">FIS04144</subfield>
    <subfield code="r">2025-10-07 14:18:10</subfield>
    <subfield code="t">1</subfield>
    <subfield code="w">2025-10-07</subfield>
    <subfield code="y">KHB</subfield>
  </datafield>
  <datafield tag="952" ind1=" " ind2=" ">
    <subfield code="0">0</subfield>
    <subfield code="1">0</subfield>
    <subfield code="2">ddc</subfield>
    <subfield code="4">0</subfield>
    <subfield code="7">0</subfield>
    <subfield code="8">Khmer-English Bilingual </subfield>
    <subfield code="a">002</subfield>
    <subfield code="b">002</subfield>
    <subfield code="c">TTP Khmer</subfield>
    <subfield code="d">2025-11-11</subfield>
    <subfield code="l">0</subfield>
    <subfield code="o">SOT PZ7 895.966</subfield>
    <subfield code="p">FIS04305</subfield>
    <subfield code="r">2025-11-11 15:05:35</subfield>
    <subfield code="t">2</subfield>
    <subfield code="w">2025-11-11</subfield>
    <subfield code="y">KHB</subfield>
  </datafield>
</record>
